000 00680nam a2200205Ia 4500
003 GCL
008 140319s9999 xx 000 0 ara d
020 _a3402208977
040 _aGCL /
_cGCL
082 0 4 _a922.6
_bع ا
100 1 _aعبدالوهاب فرحات
245 1 0 _aابوالحسن الشاذلى :
_bحياته ومدرسته فى التصوف /
_cعبدالوهاب فرحات
250 _aالاولى
260 _aالقاهرة :
_bمكتبة مدبولى ،
_c2003
300 _a310 ص ؛
_c24 سم
650 0 4 _aالعلماء المسلمون
650 0 4 _aالاسلام - تراجم
650 0 4 _aالمتصوفون - تراجم
942 _2ddc
_cBK
999 _c5387
_d5387